000 00309nam a2200121Ia 4500
008 190802s9999 xx 000 0 und d
020 _a978-81-265-7349-3
100 _aJames A. Svoboda
245 0 _aDorf's Introduction to Electric Circuits
260 _aUSA
_bPearson
_c2018
300 _a886:P
942 _cBK
999 _c2347
_d2347